Political geography: World-economy, nation-state, and locality (Record no. 395290)

MARC details
000 -LEADER
fixed length control field 00572 a2200217 4500
005 - DATE & TIME
control field 20260209165023.0
008 - FIXED-LENGTH DATA ELEMENTS--GENERAL INFORMATION
fixed length control field 260209b |||||||| |||| 00| 0 eng d
020 ## - ISBN
International Standard Book Number 9781032795874
Price £ 39.99
040 ## - CATALOGING SOURCE
Original cataloging agency VIVEKANANDA LIBRARY
082 ## - DDC NUMBER
Classification number 910.132
Book Number F647P(8)
100 ## - MAIN ENTRY--PERSONAL NAME
Personal name Flint, Colin
245 ## - TITLE STATEMENT
Title Political geography: World-economy, nation-state, and locality
250 ## - EDITION STATEMENT
Edition statement 8th
260 ## - PUBLICATION, DISTRIBUTION, ETC. (IMPRINT)
Name of publisher, distributor, etc Routledge
Date of publication, distribution, etc 2025
Place of publication, distribution, etc London
300 ## - PHYSICAL DESCRIPTION
Pages xiv, 372
650 ## - Subject
Subject Geography
650 ## - Subject
Subject Human Geography
650 ## - Subject
Subject Political Geography
700 ## - Added Entry Personal Name
Added Entry Personal Name Taylor, Peter J
942 ## - ADDED ENTRY ELEMENTS (KOHA)
Koha item type Books
Holdings
Withdrawn status Lost status Source of classification or shelving scheme Damaged status Not for loan Location (home branch) Sublocation or collection (holding branch) Shelving location Date acquired Koha issues (times borrowed) Koha full call number Accession No. Koha date last seen Koha item type
    Dewey Decimal Classification     VIVEKANANDA LIBRARY VIVEKANANDA LIBRARY Vivekananda Library 27/01/2026   910.132 F647P(8) 444262 27/01/2026 Books
© Designed and Maintained by Vivekananda Library, MDU Rohtak